| 000 | 01563nam a2200445 i 4500 | ||
|---|---|---|---|
| 001 | 24798 | ||
| 003 | KOSZ 005 | ||
| 005 | 20250722063907.0 | ||
| 008 | 980702s1996 pl a f |000 0 pol | ||
| 015 | _aPB 1996/16344 | ||
| 020 | _a8301120630 | ||
| 040 |
_aWA N _cWA N _dKOSZ 005/HR |
||
| 041 | 1 |
_apol _hger |
|
| 046 | _k1992 | ||
| 080 | _a338.5 | ||
| 080 | _a658.14/.17 | ||
| 080 | _a51 | ||
| 100 | 1 |
_aSimon, Hermann _d(1947- ) _eAutor |
|
| 245 | 1 | 0 |
_aZarządzanie cenami / _cHermann Simon ; [tł. z niem. Wojciech Bachliński et al.] ; red. nauk. przekładu Bogdan Gregor ; Fundacja Edukacyjna Przedsiębiorczości. |
| 246 | 1 |
_iTyt. oryg.: _aPreismanagement, _f1992. |
|
| 260 |
_aWarszawa : _bWydawnictwo Naukowe PWN, _c1996. |
||
| 300 |
_a644, [2] s. : _brys., wykr., err. ; _c25 cm. |
||
| 380 | _aKsiążki | ||
| 388 | _a1901-2000 | ||
| 388 | _a1989-2000 | ||
| 490 | 1 | _aPrzedsiębiorczość | |
| 650 | 4 | _aPolityka cenowa | |
| 650 | 4 | _aModele matematyczne | |
| 650 | 4 | _aFinanse przedsiębiorstwa | |
| 650 | 4 | _aZarządzanie finansami | |
| 650 | 4 | _aRynek finansowy | |
| 650 | 4 | _aKonkurencja | |
| 658 | _aGospodarka, ekonomia, finanse | ||
| 700 | 1 |
_aBachliński, Wojciech _eTłumaczenie |
|
| 700 | 1 |
_aGregor, Bogdan _d(1943- ) _eTłumaczenie |
|
| 710 | 2 |
_aWydawnictwo Naukowe PWN _4pbl. |
|
| 830 | 0 | _aPrzedsiębiorczość (PWN) | |
| 856 |
_uhttp://koha.tu.koszalin.pl/cgi-bin/koha/opac-detail.pl?biblionumber=24798 _yKatalog online BPK |
||
| 942 |
_2UKD _cKS |
||
| 999 |
_c24798 _d24798 |
||